| 000 | 00672nam a22002177a 4500 | ||
|---|---|---|---|
| 999 |
_c9633 _d9633 |
||
| 003 | AR-CdUCM | ||
| 008 | 190328b ||||| |||| 00| 0 spa d | ||
| 040 |
_aMUNICIPALIDAD PROVINCIAL DEL CUSCO _cBIBLIOTECA MUNICIPAL DEL CUSCO |
||
| 082 |
_a860.8 / _bM29E / 1945 |
||
| 100 |
_aMauleón Castillo, Rafael _925964 |
||
| 245 | _aEspaña en la sangre / | ||
| 260 |
_aMendoza : _bOtelli, _c1945. |
||
| 300 |
_a8 páginas ; _c18 cm. |
||
| 500 | _aCon dedicatoria a Luis Nieto -- Donación de la familia Nieto | ||
| 505 | _aContenido : Poesías | ||
| 650 |
_aPoesía _9444 |
||
| 650 |
_aEspaña _9176 |
||
| 650 |
_aLiteratura _9416 |
||
| 942 |
_2ddc _cLIBROS |
||
| 945 | _admma | ||